[Event "Schleswig Holstein-ch U18 MT"]
[Site "Neumuenster"]
[Date "2003.03.13"]
[Round "5"]
[White "Schmueser, Florian"]
[Black "Janicki, Philip"]
[Result "1-0"]
[WhiteElo "1532"]
[BlackElo "1665"]
[PlyCount "91"]
[EventDate "2003.03.??"]
[EventType "tourn"]
[EventRounds "9"]
[EventCountry "GER"]
[SourceTitle "EXT 2005"]
[Source "ChessBase"]
[SourceDate "2004.11.15"]
[SourceVersion "1"]
[SourceVersionDate "2004.11.15"]
[SourceQuality "1"]

1. d4 Nf6 2. Nf3 e6 3. Bf4 c5 4. c4 Qb6 5. b3 cxd4 6. Nbd2 Bb4 7. a3 Bc3 8. Ra2 d6 9. e3 e5 10. Bg5 dxe3 11. Bxe3 Qa5 12. Qc2 Ng4 13. b4 Bxd2+ 14. Qxd2 Qd8 15. c5 d5 16. Bb5+ Nc6 17. h3 Nxe3 18. Qxe3 0-0 19. 0-0 Re8 20. Re1 f6 21. Rd2 a6 22. Ba4 Be6 23. Rde2 d4 24. Qd3 Qc7 25. Nd2 f5 26. Bxc6 Qxc6 27. Rxe5 Rad8 28. Nc4 Bxc4 29. Qxc4+ Kh8 30. Rxe8+ Rxe8 31. Rxe8+ Qxe8 32. Qxd4 h6 33. Qf4 Qd7 34. Qd6 Qe8 35. Kh2 Qe4 36. f3 Qe8 37. Qd5 Qb8+ 38. Kh1 Qc8 39. a4 Kh7 40. b5 axb5 41. axb5 Kg6 42. c6 Kf6 43. Qd6+ Kf7 44. b6 Ke8 45. Qe5+ Kd8 46. c7+ 1-0

[Event "Schleswig Holstein-ch U18 MT"]
[Site "Neumuenster"]
[Date "2003.03.11"]
[Round "3"]
[White "Rindler, Julian"]
[Black "Janicki, Philip"]
[Result "0-1"]
[WhiteElo "1719"]
[BlackElo "1665"]
[PlyCount "62"]
[EventDate "2003.03.??"]
[EventType "tourn"]
[EventRounds "9"]
[EventCountry "GER"]
[SourceTitle "EXT 2005"]
[Source "ChessBase"]
[SourceDate "2004.11.15"]
[SourceVersion "1"]
[SourceVersionDate "2004.11.15"]
[SourceQuality "1"]

1. e4 e5 2. Nf3 Nf6 3. Nc3 Nc6 4. Bb5 Nd4 5. Bc4 Nxf3+ 6. Qxf3 c6 7. 0-0 Bc5 8. Qg3 Qe7 9. d3 b5 10. Bb3 d6 11. Be3 Bxe3 12. fxe3 0-0 13. Rae1 a5 14. a3 Be6 15. Bxe6 Qxe6 16. d4 b4 17. d5 cxd5 18. Rxf6 Qxf6 19. Nxd5 Qd8 20. axb4 axb4 21. Nxb4 Ra4 22. c3 Qa8 23. Kf2 Qxe4 24. Rd1 Rd8 25. Nd3 f6 26. Nc5 Qc2+ 27. Ke1 Ra2 28. Ne6 Rd7 29. Qg4 Rxb2 30. Qf3 Qxc3+ 31. Kf1 Qc4+ 0-1

[Event "Schleswig Holstein-ch U18 q"]
[Site "Neumuenster"]
[Date "2002.04.09"]
[Round "5"]
[White "Janicki, Philip"]
[Black "Thiel, Tobias"]
[Result "1/2-1/2"]
[WhiteElo "1455"]
[BlackElo "1360"]
[PlyCount "70"]
[EventDate "2002.04.??"]
[EventType "swiss"]
[EventRounds "9"]
[EventCountry "GER"]
[SourceTitle "EXT 2003"]
[Source "ChessBase"]
[SourceDate "2002.11.25"]
[SourceVersion "1"]
[SourceVersionDate "2002.11.25"]
[SourceQuality "1"]

1. Nc3 e5 2. Nf3 Nc6 3. d4 exd4 4. Nxd4 Bc5 5. Nxc6 bxc6 6. e4 Qf6 7. f4 Ne7 8. Qf3 d6 9. Bc4 Bb7 10. Bd2 Ng6 11. g3 Ne5 12. Qe2 Nxc4 13. Qxc4 Bb6 14. 0-0-0 Qd4 15. Qe2 0-0-0 16. Rhe1 Qf6 17. Be3 Kb8 18. Bxb6 cxb6 19. e5 dxe5 20. Rxd8+ Rxd8 21. Qxe5+ Qxe5 22. Rxe5 Rd7 23. Re8+ Kc7 24. Rh8 h6 25. Rh7 f6 26. h4 Re7 27. g4 Bc8 28. g5 Bf5 29. gxf6 Bxh7 30. fxe7 Kd7 31. e8Q+ Kxe8 32. Ne2 Kd7 33. Kd2 Kd6 34. c4 c5 35. Kc3 a6 1/2-1/2